000 00718cam a2200193 4500
001 WB3545-24
008 000000n1999 000 0 eng u
035 _a(Sirsi) u102206
245 _aTight controls on land puts pressure on business
260 _c1999
490 _aFinancial Times
_vNetherlands, 16 November 1999, 4(2)
520 _aLooks at the Dutch controls on land use, which are stricter and more tightly enforced than those in any other European country. This puts pressure on businesses, as finding suitable commercial space can take some time.
590 _aWB
650 _aPLANNING RESTRICTIONS
650 _aLand use
_96251
650 _aNETHERLANDS
690 _aOVERSEAS-EUROPE
942 _n0
999 _c61262
_d61262